| 000 | 00577nam a2200205Ia 4500 | ||
|---|---|---|---|
| 005 | 20230812085627.0 | ||
| 008 | 131103s9999 xx 000 0 und d | ||
| 040 | _aLoreto College | ||
| 041 | _aEnglish | ||
| 082 |
_a920 _bWAT |
||
| 100 | _aWatson,James D. | ||
| 245 | 4 |
_aThe Double Helix _b a personal account of the discovery of the structure of DWA _cJames D.Watson |
|
| 260 |
_aNew York _bNew American Library _cc 1968 |
||
| 300 | _a143 p. | ||
| 630 | _aScientist - Biography | ||
| 650 | _aWatson,James D. | ||
| 651 | _aBiography | ||
| 850 | _aLCLIB | ||
| 942 | _cBK | ||
| 999 |
_c13972 _d64451 |
||